A. WESLEY POWELL LEARNING RESOURCE CENTRE (WPLRC)

Wonderful Place to Learn, Research & Collaborate

Handbook of surgery / (Record no. 7638)

MARC details
000 -LEADER
fixed length control field 00705cam a22002292 4500
001 - ACCESSION NUMBER
control field 012857117
003 - CONTROL NUMBER IDENTIFIER
control field UkOxU
005 - DATE AND TIME OF LATEST TRANSACTION
control field 20170721093118.0
008 - FIXED-LENGTH DATA ELEMENTS--GENERAL INFORMATION
fixed length control field 691031s1969 caua 001 0 eng
015 ## - NATIONAL BIBLIOGRAPHY NUMBER
National bibliography number GB69-29147
020 ## - INTERNATIONAL STANDARD BOOK NUMBER
International Standard Book Number N/A
035 ## - SYSTEM CONTROL NUMBER
System control number OCLC ocm00024218 from D970904M
040 ## - CATALOGING SOURCE
Original cataloging agency ddc
Transcribing agency ddc
Modifying agency ddc
Language of cataloging eng
050 0# - LIBRARY OF CONGRESS CALL NUMBER
Classification number RD32
Item number .W5 1969
082 ## - DEWEY DECIMAL CLASSIFICATION NUMBER
Classification number 610
100 1# - MAIN ENTRY--PERSONAL NAME
Personal name Wilson, John L.
Fuller form of name (John Long),
Dates associated with a name 1914-
245 10 - TITLE STATEMENT
Title Handbook of surgery /
Statement of responsibility, etc. edited by John L. Wilson.
250 ## - EDITION STATEMENT
Edition statement 4th ed.
260 ## - PUBLICATION, DISTRIBUTION, ETC. (IMPRINT)
Place of publication, distribution, etc. Los Altos, Calif. :
Name of publisher, distributor, etc. Lange Medical Publications,
Date of publication, distribution, etc. 1969.
300 ## - PHYSICAL DESCRIPTION
Extent 781 p.
Other physical details illus.
Dimensions 18 cm.
650 #0 - SUBJECT ADDED ENTRY--TOPICAL TERM
Topical term or geographic name as entry element Surgery
General subdivision Handbooks, manuals, etc.
942 ## - ADDED ENTRY ELEMENTS (KOHA)
Source of classification or shelving scheme Dewey Decimal Classification
Koha item type Books
Holdings
Withdrawn status Lost status Source of classification or shelving scheme Damaged status Not for loan Home library Current library Date acquired Total Checkouts Full call number Barcode Date last seen Price effective from Koha item type
    Dewey Decimal Classification     Wesley Powell Learning Resource Centre Wesley Powell Learning Resource Centre 07/21/2017   RBC/610 HAN(21963) 21963 07/21/2017 07/21/2017 Books